The greening of commercial leases (Record no. 81048)

MARC details
000 -LEADER
fixed length control field 01346cab a22002535a 4500
001 - CONTROL NUMBER
control field L146145
008 - FIXED-LENGTH DATA ELEMENTS--GENERAL INFORMATION
fixed length control field 081211s2008 xxk 000 0 eng d
035 ## - SYSTEM CONTROL NUMBER
System control number (Sirsi) u146145
041 0# - LANGUAGE CODE
Language code of text/sound track or separate title eng
100 1# - MAIN ENTRY--PERSONAL NAME
Personal name Hinnells, Mark
245 04 - TITLE STATEMENT
Title The greening of commercial leases
260 ## - PUBLICATION, DISTRIBUTION, ETC.
Date of publication, distribution, etc. 2008
490 #0 - SERIES STATEMENT
Series statement Journal of Property Investment and Finance
Volume/sequential designation 26(6) 2008, 541-551(11)
520 ## - SUMMARY, ETC.
Summary, etc. Considers how policy changes may drive a change in existing leasing practices, in order to reduce the environmental impact (especially carbon dioxide emissions) from the commercial building stock. Explores the barriers to improved performance, two models for greening leases (a light green and a dark green approach), as well as how tenanted buildings can be managed in a more green way. Considers how green leases may develop in the market. Concludes that the conventional relationship between landlord (as building owner) and tenant (as occupier) largely neglects environmental considerations.
590 ## - LOCAL NOTE (RLIN)
Local note KA
651 #4 - SUBJECT ADDED ENTRY--GEOGRAPHIC NAME
Geographic name England and Wales
Chronological subdivision 1543-
690 ## - LOCAL SUBJECT ADDED ENTRY--TOPICAL TERM (OCLC, RLIN)
Topical term or geographic name as entry element PROPERTY-COMMERCIAL PROPERTY-LEASEHOLD COMMERCIAL PROPERTY-COMMERCIAL LANDLORD AND TENANT-COMMERCIAL LEASES
700 1# - ADDED ENTRY--PERSONAL NAME
Personal name Bright, Susan
700 1# - ADDED ENTRY--PERSONAL NAME
Personal name Langley, Angela
700 1# - ADDED ENTRY--PERSONAL NAME
Personal name Woodford, Lloyd
700 1# - ADDED ENTRY--PERSONAL NAME
Personal name Schiellerup, Pernille
700 1# - ADDED ENTRY--PERSONAL NAME
Personal name Bosteels, Tatiana
942 ## - ADDED ENTRY ELEMENTS (KOHA)
Suppress in OPAC 0
Holdings
Withdrawn status Lost status Source of classification or shelving scheme Damaged status Not for loan Home library Current library Shelving location Date acquired Total Checkouts Full call number Barcode Date last seen Copy number Price effective from Koha item type
    Dewey Decimal Classification     London London Journal article 11/12/2008   L146145 146145-1001 06/08/2019 1 06/08/2019 Journal article